| 000 | 00751nam a2200205 i 4500 | ||
|---|---|---|---|
| 001 | 53682 | ||
| 003 | ES-MaACL | ||
| 005 | 20250904063048.0 | ||
| 007 | t| | ||
| 008 | 960704s1871 sp ||||1| spa d | ||
| 100 | 1 |
_aFernández de Castro, Manuel, _d1825-1895 _949645 |
|
| 245 | 1 | 0 |
_aDe la existencia de grandes mamíferos fósiles en la isla de Cuba : _b(2ª parte) / _cpor D. Manuel Fernández de Castro. |
| 260 |
_aMadrid : _b[s.n.], _c1871 ( _fImp. de J.M. Lapuente) |
||
| 300 |
_a30 ; _c24 cm. |
||
| 530 | _aDisponible en formato digital. | ||
| 650 | 4 |
_aFósiles- _zCuba. _912941 |
|
| 852 | 4 |
_aES-MaACL _jB-7999 |
|
| 856 | 4 |
_uhttp://bdh-rd.bne.es/viewer.vm?id=0000085963&page=1 _zBiblioteca Digital Hispánica |
|
| 999 |
_c53682 _d53682 |
||